[Event "Nacional de Máxima"]
[Site "?"]
[Date "2011.10.24"]
[Round "5"]
[White "Durán, Luisa"]
[Black "Rovira, Tairú"]
[Result "0-1"]
[WhiteElo "2025"]
[BlackElo "1972"]
[Annotator "OT y DG"]
[PlyCount "98"]
[EventDate "2011.??.??"]

1. d4 Nf6 2. c4 e6 3. Nf3 Bb4+ 4. Bd2 Qe7 5. e3 O-O 6. Bd3 Bxd2+ 7. Qxd2 d6 8.
O-O e5 9. Nc3 e4 10. Ng5 exd3 11. Qxd3 c6 12. f4 h6 13. Nf3 Re8 14. Rae1 Ne4
15. Ne2 Bf5 16. Qb3 Bg4 17. Qd3 Na6 18. a3 Rad8 19. h3 Bc8 20. b4 Nc7 21. Kh2
h5 22. Ng3 Nxg3 23. Kxg3 Qe4 24. Qxe4 Rxe4 25. Nd2 Re7 26. f5 g6 27. e4 gxf5
28. Kh4 Rde8 29. Kxh5 fxe4 30. Re3 Ne6 31. Nb3 Ng7+ 32. Kg5 Re6 33. g4 Rg6+ 34.
Kh4 f5 35. g5 Kh7 36. Nd2 Rh8 37. d5 Kg8+ 38. Kg3 Rxg5+ 39. Kh2 Bd7 40. Nb3 Ne8
41. dxc6 bxc6 42. Rg3 Rxg3 43. Kxg3 Kf7 44. c5 d5 45. a4 Rg8+ 46. Kf4 Kf6 47.
Na5 Nc7 48. Nb7 d4 49. Nd6 Ne6# 0-1

[Event "Nacional de Máxima"]
[Site "?"]
[Date "2011.10.24"]
[Round "5"]
[White "Aponte, Oriana"]
[Black "Sequeda, Nancy"]
[Result "1/2-1/2"]
[WhiteElo "1885"]
[BlackElo "2067"]
[Annotator "OT y DG"]
[PlyCount "76"]
[EventDate "2011.??.??"]

1. e4 c5 2. Nf3 d6 3. d4 cxd4 4. Nxd4 Nf6 5. Nc3 Nc6 6. f3 a6 7. Be3 e6 8. Qd2
Qc7 9. O-O-O Be7 10. g4 O-O 11. h4 b5 12. Nxc6 Qxc6 13. h5 Bb7 14. g5 Nd7 15.
Ne2 d5 16. Nd4 Qc8 17. g6 dxe4 18. Nxe6 fxe6 19. Qxd7 Bf6 20. gxh7+ Kh8 21. h6
Bd5 22. hxg7+ Bxg7 23. Qe7 Qd8 24. Qb4 Rxf3 25. Bh6 Bxh6+ 26. Rxh6 Qg5+ 27. Qd2
Qxd2+ 28. Kxd2 Rf7 29. Be2 Rc8 30. Bg4 Rxh7 31. Bxe6 Bxe6 32. Rxe6 Rh2+ 33. Ke3
Rcxc2 34. Rd8+ Kg7 35. Rd7+ Kf8 36. Rxa6 Rhe2+ 37. Kf4 Rf2+ 38. Ke5 Rc8 1/2-1/2

[Event "Nacional de Máxima"]
[Site "?"]
[Date "2011.10.24"]
[Round "5"]
[White "Castro, José"]
[Black "Gascón, José"]
[Result "1-0"]
[WhiteElo "2129"]
[BlackElo "2163"]
[Annotator "OT y DG"]
[PlyCount "61"]
[EventDate "2011.??.??"]

1. e4 c5 2. Nf3 d6 3. d4 Nf6 4. Nc3 cxd4 5. Nxd4 a6 6. Be3 e5 7. Nb3 Be6 8. f3
Nbd7 9. Qd2 b5 10. O-O-O Be7 11. g4 Nb6 12. Na5 b4 13. Ne2 d5 14. g5 Nfd7 15.
Nc6 Qc7 16. Nxe7 Nc4 17. Qd3 Nxe3 18. Qxe3 d4 19. Qd2 Kxe7 20. Qxb4+ Nc5 21. f4
Rab8 22. Qa3 Rb5 23. Nxd4 exd4 24. Bxb5 axb5 25. f5 d3 26. Rxd3 Bxa2 27. f6+
gxf6 28. gxf6+ Kxf6 29. Rf3+ Kg7 30. Rg1+ Kf8 31. Qxa2 1-0

[Event "Nacional de Máxima"]
[Site "?"]
[Date "2011.10.24"]
[Round "5"]
[White "Prasca, Rafael"]
[Black "Martínez, Pedro"]
[Result "1/2-1/2"]
[WhiteElo "2429"]
[BlackElo "2236"]
[Annotator "OT y DG"]
[PlyCount "136"]
[EventDate "2011.??.??"]

1. e4 c5 2. Nf3 Nc6 3. d4 cxd4 4. Nxd4 g6 5. Nc3 Bg7 6. Be3 Nf6 7. Bc4 O-O 8.
Bb3 a5 9. O-O d6 10. h3 Nxd4 11. Bxd4 Bd7 12. a3 Bc6 13. Qd3 Nd7 14. Bxg7 Kxg7
15. Qd4+ Kg8 16. Nd5 Nc5 17. Ba2 a4 18. Rfe1 e5 19. Qd2 Kg7 20. Rad1 f5 21.
exf5 gxf5 22. Nc3 Rf6 23. Rxe5 dxe5 24. Qxd8 Rxd8 25. Rxd8 Rf8 26. Rxf8 Kxf8
27. Bd5 Bxd5 28. Nxd5 Kf7 29. Nc3 Ke6 30. f3 Kd6 31. g4 fxg4 32. fxg4 Ne6 33.
Nxa4 Nd4 34. c4 Nf3+ 35. Kf2 Nd2 36. c5+ Kd5 37. Ke2 Nb3 38. Nc3+ Kxc5 39. Ke3
Kc4 40. Ne4 Nd4 41. Nd2+ Kd5 42. h4 Nc2+ 43. Ke2 e4 44. Nb3 Kc4 45. Na5+ Kd4
46. Nxb7 Ne3 47. Nc5 Nxg4 48. Ne6+ Ke5 49. Ng5 h6 50. Nf7+ Ke6 51. Nd8+ Kd5 52.
a4 Kc5 53. Nf7 Kb4 54. b3 h5 55. Nd6 Ne5 56. Ke3 Nc6 57. Nxe4 Kxb3 58. Nf6 Kxa4
59. Nxh5 Kb4 60. Nf6 Kc5 61. h5 Kd6 62. h6 Ne7 63. h7 Ng6 64. Ke4 Ke6 65. Nh5
Nh8 66. Kf4 Nf7 67. Kg4 Ke5 68. Kh4 Kf5 1/2-1/2

[Event "Nacional de Máxima"]
[Site "?"]
[Date "2011.10.24"]
[Round "5"]
[White "Zavarce, Oscar"]
[Black "Piñero, Carlos"]
[Result "1-0"]
[WhiteElo "2214"]
[BlackElo "2091"]
[Annotator "OT y DG"]
[PlyCount "83"]
[EventDate "2011.??.??"]

1. e4 c5 2. Nf3 Nc6 3. d4 cxd4 4. Nxd4 Qb6 5. Nb3 Nf6 6. Bd3 e6 7. O-O Be7 8.
Be3 Qc7 9. f4 d6 10. Nc3 Bd7 11. Qe2 O-O 12. Kh1 Nb4 13. Rac1 Rfc8 14. a3 Nxd3
15. cxd3 Qd8 16. Nd4 a6 17. e5 Ne8 18. Qf3 f5 19. exf6 Nxf6 20. Bf2 Qa5 21.
Rfe1 Kf7 22. Qe2 e5 23. Nf3 Ng4 24. fxe5 dxe5 25. Bg3 Kg8 26. h3 Nh6 27. Nxe5
Nf5 28. Bh2 Be6 29. Nc4 Bxc4 30. dxc4 Bg5 31. Qe6+ Kh8 32. Re5 Qd8 33. Rd1 Nd4
34. Qg4 Bf6 35. Rxd4 Qg8 36. Rd7 Rxc4 37. Re4 Rac8 38. Rxc4 Rxc4 39. Qe2 Qc8
40. Qd3 b5 41. Be5 Be7 42. Rxe7 1-0

[Event "Nacional de Máxima"]
[Site "?"]
[Date "2011.10.24"]
[Round "5"]
[White "Boada, Wiston"]
[Black "Ynojosa, Félix"]
[Result "0-1"]
[WhiteElo "2235"]
[BlackElo "2294"]
[Annotator "OT y DG"]
[PlyCount "86"]
[EventDate "2011.??.??"]

1. e4 c5 2. Nf3 Nc6 3. Bb5 e6 4. O-O Nge7 5. b3 a6 6. Bxc6 Nxc6 7. Bb2 b5 8. d4
cxd4 9. Nxd4 Qf6 10. a4 Bc5 11. c3 Rb8 12. axb5 axb5 13. Ra2 Qg6 14. Qe2 Bxd4
15. cxd4 O-O 16. Nd2 d5 17. e5 Nb4 18. Ra7 Nd3 19. Ba1 Rb7 20. Rxb7 Bxb7 21. f4
b4 22. f5 exf5 23. Qxd3 Ba6 24. Nc4 Rc8 25. Rc1 Qe6 26. Qd1 dxc4 27. d5 Qb6+
28. Bd4 Qb7 29. bxc4 Rxc4 30. Rxc4 Bxc4 31. Qa4 h6 32. d6 Qe4 33. Qd1 b3 34.
Qd2 Qd5 35. Qc3 Kh7 36. h3 Bb5 37. Kh2 Bc6 38. Qd2 f6 39. Qf2 fxe5 40. Bb2 f4
41. Qe2 e4 42. Qg4 Qf7 43. Kg1 e3 0-1

[Event "Nacional de Máxima"]
[Site "?"]
[Date "2011.10.25"]
[Round "6"]
[White "Gutiérrez, Leonela"]
[Black "Sequeda, Nancy"]
[Result "1-0"]
[WhiteElo "2067"]
[BlackElo "2045"]
[Annotator "OT y DG"]
[PlyCount "57"]
[EventDate "2011.??.??"]

1. e4 c5 2. Nf3 d6 3. d4 cxd4 4. Nxd4 Nf6 5. Nc3 a6 6. Be2 e6 7. a4 Be7 8. Be3
b6 9. f4 Bb7 10. Bf3 Qc7 11. O-O Nbd7 12. Qe1 Rc8 13. Rd1 O-O 14. g4 Nc5 15.
Bc1 Rfd8 16. g5 Ne8 17. Bg2 g6 18. Rf3 f5 19. b4 e5 20. Ndb5 axb5 21. Nxb5 Qd7
22. bxc5 Rxc5 23. fxe5 Bxe4 24. exd6 Nxd6 25. Ba3 Qb7 26. Bxc5 Bxf3 27. Qe6+
Nf7 28. Rxd8+ Bxd8 29. Qe8+ 1-0

[Event "Nacional de Máxima"]
[Site "?"]
[Date "2011.10.25"]
[Round "6"]
[White "Rovira, Tairú"]
[Black "Aponte, Oriana"]
[Result "1-0"]
[WhiteElo "1972"]
[BlackElo "1885"]
[Annotator "OT y DG"]
[PlyCount "119"]
[EventDate "2011.??.??"]

1. d4 Nf6 2. c4 g6 3. Nc3 d5 4. cxd5 Nxd5 5. e4 Nxc3 6. bxc3 Bg7 7. Bb5+ c6 8.
Ba4 O-O 9. Ne2 c5 10. O-O Bd7 11. Rb1 Bxa4 12. Qxa4 Nd7 13. Be3 cxd4 14. cxd4
Nb6 15. Qb4 Rc8 16. Rfc1 Qd7 17. h3 e6 18. Bf4 Rc6 19. Qa5 Rfc8 20. Rxc6 bxc6
21. e5 Bf8 22. Rc1 Nd5 23. Qa4 Qb7 24. Bd2 Qb2 25. Rc2 Qb1+ 26. Nc1 Qb7 27. Qb3
Qb6 28. Qa4 c5 29. Nb3 Qb8 30. dxc5 Qxe5 31. Qd7 Rc7 32. Qe8 Nf6 33. Qa8 Kg7
34. Bc3 Qf5 35. Nd4 Qg5 36. c6 e5 37. Nf3 Qf5 38. Bxe5 Rc8 39. Bxf6+ Kxf6 40.
Qb7 Bd6 41. Qb2+ Be5 42. Qc1 Bf4 43. Qd1 Bc7 44. Qd4+ Be5 45. Qc5 Rc7 46. Rc4
Qb1+ 47. Rc1 Qf5 48. Nd4 Bxd4 49. Qxd4+ Qe5 50. Qd8+ Kg7 51. Qd3 Qe6 52. Qc3+
Qf6 53. Qc4 Qe6 54. Qa4 Qd6 55. g3 Qe6 56. Qc2 Qxh3 57. Qc3+ Kg8 58. Qe5 Qc8
59. Qf6 h5 60. Rd1 1-0

[Event "Nacional de Máxima"]
[Site "?"]
[Date "2011.10.25"]
[Round "6"]
[White "Otazo, Annyd"]
[Black "Durán, Luisa"]
[Result "1/2-1/2"]
[WhiteElo "1953"]
[BlackElo "2025"]
[Annotator "OT y DG"]
[PlyCount "194"]
[EventDate "2011.??.??"]

1. e4 d6 2. d4 Nf6 3. Nc3 g6 4. Nf3 Bg7 5. Bc4 O-O 6. O-O Nc6 7. h3 a6 8. a4 e5
9. Bg5 exd4 10. Nxd4 Nxd4 11. Qxd4 h6 12. Bh4 g5 13. Bg3 Be6 14. Bxe6 fxe6 15.
Qc4 Qd7 16. Rad1 Nh5 17. Bh2 Nf4 18. Bxf4 Rxf4 19. Ne2 Rf7 20. Nd4 Bxd4 21.
Rxd4 e5 22. Rd3 Kg7 23. Rg3 a5 24. b3 Raf8 25. Qe2 Rf4 26. Rd3 Qf7 27. Rd5 b6
28. Rd3 Qg6 29. Rc3 R8f7 30. f3 h5 31. g3 R4f6 32. Kg2 Kh7 33. Rc6 Re7 34. c3
h4 35. g4 Rf8 36. Qc4 Rff7 37. b4 Qf6 38. Qe2 Qf4 39. Qf2 axb4 40. cxb4 d5 41.
Re1 d4 42. a5 bxa5 43. bxa5 Rf6 44. Rxf6 Qxf6 45. Qd2 Rf7 46. Qf2 Rd7 47. Ra1
Rd6 48. Qd2 Kg6 49. Qc1 Rc6 50. Qd2 Rc3 51. Qf2 Qa6 52. Qa2 Kf6 53. Rd1 c5 54.
Rb1 Ke7 55. Rb6 Qc4 56. Qxc4 Rxc4 57. a6 Rc2+ 58. Kf1 c4 59. Rb5 Rc1+ 60. Ke2
Rc2+ 61. Kd1 Ra2 62. Rxe5+ Kf6 63. Rf5+ Kg6 64. Rd5 d3 65. Rd6+ Kg7 66. Rd4
Rxa6 67. Rxc4 Rf6 68. Rc5 Rxf3 69. Rxg5+ Kh6 70. Rh5+ Kg6 71. Rxh4 Re3 72. Kd2
Rxe4 73. Kxd3 Re1 74. Rh5 Re8 75. Rc5 Rh8 76. Ke4 Rxh3 77. Kf4 Rh1 78. Rc6+ Kf7
79. Kf5 Rf1+ 80. Kg5 Rg1 81. Rc7+ Kg8 82. Kf5 Rg2 83. g5 Ra2 84. Rc8+ Kg7 85.
Rc7+ Kg8 86. Kg6 Ra6+ 87. Kh5 Ra1 88. Kh6 Ra6+ 89. g6 Ra8 90. Rc6 Rb8 91. Rc7
Ra8 92. Rg7+ Kh8 93. Rc7 Kg8 94. Rc6 Rb8 95. g7 Ra8 96. Kg6 Rb8 97. Rf6 Ra8
1/2-1/2

[Event "Nacional de Máxima"]
[Site "?"]
[Date "2011.10.25"]
[Round "6"]
[White "Ubaldo, María"]
[Black "Hernández, Zaida"]
[Result "1-0"]
[WhiteElo "2072"]
[BlackElo "2008"]
[Annotator "OT y DG"]
[PlyCount "79"]
[EventDate "2011.??.??"]

1. d4 d5 2. Nf3 c6 3. c4 Nf6 4. Qc2 g6 5. Bg5 Bg7 6. Nbd2 Bf5 7. Qb3 Qb6 8. e3
Nbd7 9. Be2 O-O 10. O-O h6 11. Bh4 Be6 12. c5 Qxb3 13. axb3 g5 14. Bg3 Ne4 15.
Nxe4 dxe4 16. Nd2 f5 17. f4 exf3 18. Bxf3 Nf6 19. Be5 g4 20. Be2 h5 21. Bc4
Bxc4 22. bxc4 Nd7 23. Bxg7 Kxg7 24. b4 Kg6 25. Nb3 b6 26. cxb6 axb6 27. c5 bxc5
28. bxc5 e5 29. Na5 Rf6 30. Rfb1 Ra7 31. Rc1 f4 32. exf4 exd4 33. g3 Rf5 34.
Nxc6 Rxa1 35. Rxa1 Nxc5 36. Ne7+ Kf6 37. Nxf5 Kxf5 38. Ra5 Ke4 39. Rxc5 d3 40.
Kf2 1-0

[Event "Nacional de Máxima"]
[Site "?"]
[Date "2011.10.25"]
[Round "6"]
[White "Osorio, Intiñusta"]
[Black "Castellanos, Arianny"]
[Result "1-0"]
[WhiteElo "1861"]
[BlackElo "1802"]
[Annotator "OT y DG"]
[PlyCount "45"]
[EventDate "2011.??.??"]

1. e4 e5 2. d4 exd4 3. Nf3 Nc6 4. Nxd4 Nf6 5. Nxc6 bxc6 6. Bd3 d5 7. e5 Ng4 8.
O-O f6 9. exf6 Nxf6 10. Re1+ Be7 11. Qe2 Kf7 12. Bg5 g6 13. Nd2 Re8 14. h3 Nh5
15. Nf3 Bd7 16. Ne5+ Kg7 17. Bh6+ Kg8 18. Nxc6 Bxc6 19. Qe6+ Kh8 20. Qxc6 Qd6
21. Bb5 Red8 22. Re6 Qxc6 23. Bxc6 1-0

[Event "Nacional de Máxima"]
[Site "?"]
[Date "2011.10.25"]
[Round "6"]
[White "Montilla, Jorcerys"]
[Black "Varela, Tilsia"]
[Result "1/2-1/2"]
[WhiteElo "2008"]
[BlackElo "1993"]
[Annotator "OT y DG"]
[PlyCount "120"]
[EventDate "2011.??.??"]

1. d4 d5 2. Nf3 Nf6 3. e3 c6 4. c4 Bf5 5. Nc3 e6 6. Be2 Nbd7 7. O-O Bd6 8. h3
O-O 9. Qb3 Qc8 10. Nh4 Be4 11. Bd2 e5 12. Nxe4 Nxe4 13. Bb4 c5 14. dxc5 Ndxc5
15. Qd1 dxc4 16. Bxc4 Rd8 17. Qf3 Ng5 18. Qf5 Nce6 19. Bxe6 Nxe6 20. Bxd6 Rxd6
21. Qxe5 Rd2 22. Rfc1 Qd7 23. Nf3 Rd5 24. Qc3 Rd8 25. a4 h6 26. a5 Ng5 27. Nxg5
hxg5 28. Qc7 Qb5 29. Rc2 R5d7 30. Qc5 Qxc5 31. Rxc5 Rd5 32. Rxd5 Rxd5 33. b4
Rb5 34. Rb1 b6 35. axb6 Rxb6 36. Kf1 a5 37. b5 a4 38. Ke2 a3 39. Kf3 a2 40. Ra1
Rxb5 41. Rxa2 f6 42. Kg4 Kf7 43. Ra7+ Kg6 44. f4 gxf4 45. Kxf4 Rf5+ 46. Kg4 Re5
47. Kf3 Rf5+ 48. Ke2 Rg5 49. g4 Rb5 50. Kf3 Rb1 51. h4 Rf1+ 52. Kg2 Re1 53. h5+
Kh6 54. Kf2 Rb1 55. e4 Rb3 56. Re7 g6 57. hxg6 Kxg6 58. e5 fxe5 59. Rxe5 Ra3
60. Rb5 Rc3 1/2-1/2

[Event "Nacional de Máxima"]
[Site "?"]
[Date "2011.10.25"]
[Round "6"]
[White "Díaz, José"]
[Black "Ynojosa, Félix"]
[Result "1-0"]
[WhiteElo "2109"]
[BlackElo "2294"]
[Annotator "OT y DG"]
[PlyCount "128"]
[EventDate "2011.??.??"]

1. d4 Nf6 2. Nf3 e6 3. e3 b6 4. c3 Bb7 5. Bd3 Be7 6. O-O O-O 7. Nbd2 d6 8. Ng5
h6 9. Nh3 e5 10. e4 Bc8 11. Kh1 Bg4 12. Be2 Bxh3 13. gxh3 Nbd7 14. f4 exf4 15.
Rxf4 Nh7 16. Nf1 Bg5 17. Rf2 Ndf6 18. Ng3 Bh4 19. Bd3 Qd7 20. Kg2 Rae8 21. Re2
Bxg3 22. hxg3 Re7 23. Qc2 Rfe8 24. c4 c5 25. d5 Nf8 26. Bd2 Ng6 27. Rf1 Ne5 28.
Bxh6 Nxd3 29. Qxd3 Nxe4 30. Bf4 f5 31. b3 Rf8 32. Bc1 Qe8 33. Bb2 Qg6 34. Rf4
Qg5 35. h4 Qh6 36. Qf3 Qh7 37. g4 g6 38. gxf5 gxf5 39. Kh2 Rff7 40. Qg2+ Kf8
41. Re3 Qh5 42. Ref3 Ke8 43. Qg8+ Rf8 44. Qxf8+ Kxf8 45. Rxf5+ Qxf5 46. Rxf5+
Rf7 47. Rxf7+ Kxf7 48. Kh3 Kg6 49. Kg4 Nf2+ 50. Kf3 Nd3 51. Bc3 Kf5 52. h5 Kg5
53. h6 Kg6 54. h7 Kxh7 55. Ke4 Nf2+ 56. Kf5 Kg8 57. Be1 Nd3 58. Bg3 Kf7 59.
Bxd6 Nc1 60. Bf4 Nd3 61. Bg5 Nb4 62. d6 Nc6 63. d7 Ne7+ 64. Ke4 Ke6 1-0

[Event "Nacional de Máxima"]
[Site "?"]
[Date "2011.10.25"]
[Round "6"]
[White "Piñero, Carlos"]
[Black "Boada, Wiston"]
[Result "0-1"]
[WhiteElo "2091"]
[BlackElo "2235"]
[Annotator "OT y DG"]
[PlyCount "172"]
[EventDate "2011.??.??"]

1. e4 e5 2. Nf3 Nc6 3. Nc3 Nf6 4. d4 exd4 5. Nd5 Be7 6. Nxd4 Nxd5 7. exd5 Nxd4
8. Qxd4 O-O 9. Be3 Bf6 10. Qb4 a5 11. Qa3 d6 12. Bd3 Bd7 13. c4 b6 14. O-O Re8
15. Rae1 Be5 16. f4 Bf6 17. Kh1 Bh4 18. g3 Bf6 19. Kg2 c5 20. Qb3 Qc7 21. Qc2
h6 22. a4 Re7 23. Bd2 Rae8 24. b3 Qc8 25. Rxe7 Rxe7 26. f5 Re8 27. h4 Qd8 28.
Bf4 Qe7 29. Rf2 Be5 30. Bxe5 Qxe5 31. f6 gxf6 32. Bf5 Bxf5 33. Qxf5 Qxf5 34.
Rxf5 Kg7 35. Kf2 Re5 36. g4 Kg6 37. h5+ Kg7 38. Kg3 Re3+ 39. Rf3 Re4 40. Rf4
Re1 41. Rf3 Rg1+ 42. Kf4 Re1 43. Kg3 Rb1 44. Kf4 Rb2 45. Kf5 Re2 46. Kf4 Re5
47. Kg3 Re4 48. Rf4 Rd4 49. Rf3 Rd1 50. Kf4 Rg1 51. Re3 f5 52. Re7 fxg4 53. Rd7
g3 54. Kf3 Rb1 55. Kxg3 Rxb3+ 56. Kg2 Rb4 57. Rxd6 Rxa4 58. Rxb6 Rxc4 59. Ra6
Rd4 60. d6 c4 61. Kf3 Rd3+ 62. Ke4 Kf6 63. Rxa5 Rxd6 64. Rc5 Rd1 65. Rxc4 Kg5
66. Rc5+ Kg4 67. Ke5 Rf1 68. Rc2 f6+ 69. Ke6 Kxh5 70. Rg2 Kh4 71. Rh2+ Kg3 72.
Rxh6 f5 73. Ke5 f4 74. Rg6+ Kf3 75. Ra6 Re1+ 76. Kf5 Kg3 77. Rg6+ Kf3 78. Ra6
Rf1 79. Ra7 Rf2 80. Rb7 Kg2 81. Rg7+ Kf1 82. Rg4 f3 83. Rf4 Kg2 84. Kg4 Rf1 85.
Rf7 f2 86. Rf3 Rg1 0-1

[Event "Nacional de Máxima"]
[Site "?"]
[Date "2011.10.25"]
[Round "6"]
[White "Martínez, Pedro"]
[Black "Zavarce, Oscar"]
[Result "1-0"]
[WhiteElo "2236"]
[BlackElo "2214"]
[Annotator "OT y DG"]
[PlyCount "103"]
[EventDate "2011.??.??"]

1. Nf3 c5 2. c4 Nc6 3. g3 g6 4. Bg2 Bg7 5. O-O $1 e6 6. Nc3 Nge7 7. e4 O-O 8.
Re1 d6 9. d3 a6 10. Be3 Nd4 11. a3 Rb8 12. Rc1 Nec6 13. Bxd4 cxd4 14. Ne2 e5
15. Nd2 Bh6 16. f4 Bg4 17. Bf3 Bxf3 18. Nxf3 f5 19. exf5 Rxf5 20. Nh4 Rf7 21.
Ng2 Qd7 22. Rf1 Rbf8 23. Qc2 Qg4 24. Rce1 g5 25. fxg5 Bxg5 26. Qd1 Be3+ 27.
Nxe3 dxe3 28. Rxf7 Rxf7 29. Nc3 Qf5 30. Rf1 Qg6 31. Rxf7 Qxf7 32. Qe2 Nd4 33.
Qxe3 Qf5 34. Ne4 Qg6 35. Kg2 h6 36. Nf2 Ne6 37. Qe4 Qf7 38. Qg4+ Kh7 39. Ne4
Nc5 40. Nxc5 dxc5 41. Qe4+ Kg8 42. Qd5 Qxd5+ 43. cxd5 Kf7 44. Kf3 Ke7 45. Ke4
Kd6 46. g4 b5 47. h4 a5 48. g5 hxg5 49. hxg5 c4 50. dxc4 bxc4 51. g6 Ke7 52.
Kxe5 1-0

[Event "Nacional de Máxima"]
[Site "?"]
[Date "2011.10.25"]
[Round "6"]
[White "Gascón, José"]
[Black "Prasca, Rafael"]
[Result "1-0"]
[WhiteElo "2163"]
[BlackElo "2429"]
[Annotator "OT y DG"]
[PlyCount "65"]
[EventDate "2011.??.??"]

1. e4 c5 2. Nf3 e6 3. d4 cxd4 4. Nxd4 d6 5. c4 Nf6 6. Nc3 a6 7. Be2 Nbd7 8. O-O
Be7 9. Be3 O-O 10. Qd2 Qc7 11. f3 b6 12. Rfc1 Bb7 13. Kh1 Rac8 14. a4 Qb8 15.
a5 Bd8 16. axb6 Nxb6 17. Na2 Nfd7 18. b4 Ne5 19. c5 Nbd7 20. f4 Nf6 21. fxe5
Nxe4 22. Qe1 dxe5 23. Nf3 f5 24. b5 f4 25. Bg1 axb5 26. Nb4 Be7 27. Bd3 Nxc5
28. Bxc5 Rxc5 29. Rxc5 e4 30. Rxb5 exf3 31. Qxe6+ Kh8 32. Qxe7 fxg2+ 33. Kg1
1-0

[Event "Nacional de Máxima"]
[Site "?"]
[Date "2011.10.25"]
[Round "6"]
[White "Soto, Oliver"]
[Black "Castro, José"]
[Result "1-0"]
[WhiteElo "2357"]
[BlackElo "2129"]
[Annotator "OT y DG"]
[PlyCount "79"]
[EventDate "2011.??.??"]

1. e4 c5 2. Nf3 Nc6 3. d4 cxd4 4. Nxd4 Nf6 5. Nc3 e5 6. Ndb5 d6 7. Bg5 a6 8.
Na3 b5 9. Nd5 Be7 10. Bxf6 Bxf6 11. c3 Bg5 12. Nc2 O-O 13. a4 bxa4 14. Rxa4 a5
15. Bc4 Rb8 16. Ra2 Kh8 17. Nce3 Bd7 18. b3 Ne7 19. Nxe7 Qxe7 20. Nd5 Qd8 21.
O-O f5 22. exf5 Bxf5 23. Qe2 e4 24. Rfa1 Bf6 25. Rxa5 Be5 26. g3 Qg5 27. R5a2
Rbe8 28. Qe3 Qg4 29. Be2 Qg6 30. Ra7 Bh3 31. b4 h5 32. b5 h4 33. b6 hxg3 34.
fxg3 Kh7 35. Ne7 Qf6 36. g4 Bxg4 37. Bxg4 Rxe7 38. Qh3+ Kg8 39. Rxe7 Bd4+ 40.
Kh1 1-0

[Event "Nacional de Máxima"]
[Site "?"]
[Date "2011.10.25"]
[Round "7"]
[White "Varela, Tilsia"]
[Black "Gutérrez, Leonela"]
[Result "1-0"]
[WhiteElo "1993"]
[BlackElo "2045"]
[Annotator "OT y DG"]
[PlyCount "153"]
[EventDate "2011.??.??"]

1. e4 c5 2. Nf3 d6 3. c3 Nf6 4. Be2 g6 5. O-O Bg7 6. Re1 O-O 7. d3 Nc6 8. Bg5
Bg4 9. Nbd2 Qc7 10. h3 Bxf3 11. Nxf3 b5 12. Qd2 Rfd8 13. Bf1 Ne5 14. Nxe5 dxe5
15. Qe3 b4 16. cxb4 cxb4 17. Rac1 Qa5 18. Qc5 Qxa2 19. Qxe7 Re8 20. Qxb4 Rab8
21. Qd6 Qb3 22. Rc7 Qxb2 23. Rxa7 Rbd8 24. Qa3 Qxa3 25. Rxa3 h6 26. Be3 Nd7 27.
Ra7 Nf8 28. Rc1 Ra8 29. Rxa8 Rxa8 30. f4 exf4 31. Bxf4 Bd4+ 32. Kh2 Kg7 33. Rc4
Ba1 34. d4 Ne6 35. Be3 Ra3 36. Bg1 Ng5 37. e5 Ra2 38. Be3 Nf3+ 39. Kg3 Nd2 40.
Rc1 Ra3 41. Kf2 Ne4+ 42. Kf3 Bxd4 43. Kxe4 Bxe3 44. Rc7 Bb6 45. Rb7 Re3+ 46.
Kd5 Re1 47. Bc4 Bg1 48. Kd6 Bh2 49. Rxf7+ Kh8 50. Re7 Bf4 51. Kd5 Rg1 52. Rf7
Bg5 53. Rf2 Rd1+ 54. Ke6 Kg7 55. Bd5 Rd2 56. Rf7+ Kg8 57. Rd7 Kf8 58. Be4 Re2
59. Bxg6 Rxg2 60. Rf7+ Kg8 61. Bh7+ Kh8 62. Be4 Re2 63. Bd5 Bh4 64. Bf3 Re3 65.
Kd5 Bg3 66. e6 Re5+ 67. Kd6 Re1+ 68. Kd7 Bh4 69. Rf4 Bg5 70. Rc4 Re3 71. h4 Bf6
72. Rf4 Kg7 73. Be4 Re1 74. e7 Bxe7 75. Kxe7 Re3 76. Rg4+ Kh8 77. Kf7 1-0

[Event "Nacional de Máxima"]
[Site "?"]
[Date "2011.10.25"]
[Round "7"]
[White "Castellanos, Arianny"]
[Black "Montilla, Jorcerys"]
[Result "0-1"]
[WhiteElo "1802"]
[BlackElo "2008"]
[Annotator "OT y DG"]
[PlyCount "56"]
[EventDate "2011.??.??"]

1. e4 c5 2. c3 Nf6 3. e5 Nd5 4. d4 cxd4 5. Nf3 Nc6 6. cxd4 d6 7. Bc4 Nb6 8. Bb5
dxe5 9. Nxe5 Bd7 10. Nxd7 Qxd7 11. Nc3 e6 12. O-O Be7 13. Qg4 O-O 14. Bh6 Qxd4
15. Qxd4 Nxd4 16. Be3 Nc2 17. Rac1 Nxe3 18. fxe3 a6 19. Bd3 Bg5 20. Rf3 Rfd8
21. Ne4 Bh6 22. Nc5 Nd5 23. Re1 Rab8 24. a3 a5 25. e4 Nf4 26. Bb5 b6 27. Nd7
Rbc8 28. Ne5 Rc5 0-1

[Event "Nacional de Máxima"]
[Site "?"]
[Date "2011.10.25"]
[Round "7"]
[White "Hernández, Zaida"]
[Black "Osorio, Intiñusta"]
[Result "1-0"]
[WhiteElo "2008"]
[BlackElo "1861"]
[Annotator "OT y DG"]
[PlyCount "67"]
[EventDate "2011.??.??"]

1. e4 c5 2. Nf3 e6 3. Nc3 a6 4. d4 cxd4 5. Nxd4 Qc7 6. g3 Nc6 7. Bg2 g6 8. O-O
Bg7 9. Nb3 Nge7 10. Bf4 e5 11. Nd5 Nxd5 12. exd5 O-O 13. Bg5 Nd4 14. Be7 Re8
15. Nxd4 exd4 16. d6 Qc5 17. c3 Rb8 18. cxd4 Qxd4 19. Qb3 Bf8 20. Bd5 Qg7 21.
Rae1 Bxe7 22. Rxe7 Rf8 23. Rfe1 b5 24. Bxf7+ Kh8 25. Qc3 Qxc3 26. bxc3 Rb6 27.
Rd1 Rc6 28. Rd3 Rc5 29. f4 g5 30. Be8 gxf4 31. Bxd7 fxg3 32. hxg3 Bxd7 33. Rxd7
Rff5 34. Re7 1-0

[Event "Nacional de Máxima"]
[Site "?"]
[Date "2011.10.25"]
[Round "7"]
[White "Durán, Luisa"]
[Black "Ubaldo, María"]
[Result "0-1"]
[WhiteElo "2025"]
[BlackElo "2072"]
[Annotator "OT y DG"]
[PlyCount "62"]
[EventDate "2011.??.??"]

1. d4 d5 2. Nf3 Nf6 3. e3 g6 4. Bd3 Bg7 5. h3 O-O 6. c4 c6 7. Nc3 Nbd7 8. Bd2
e6 9. O-O Re8 10. cxd5 exd5 11. Qc2 Qe7 12. a3 Ne4 13. b4 Nxc3 14. Bxc3 Nb6 15.
b5 Bd7 16. Ba5 Nc4 17. Bxc4 dxc4 18. bxc6 Bxc6 19. Qxc4 Bxf3 20. gxf3 Qg5+ 21.
Kh2 Qxa5 22. Rfb1 Rac8 23. Rb5 Rxc4 24. Rxa5 a6 25. Rb1 Re7 26. Kg2 Rec7 27.
Rd1 f5 28. h4 Kf7 29. h5 Rd7 30. Kg3 Bf6 31. Rd3 Bd8 0-1

[Event "Nacional de Máxima"]
[Site "?"]
[Date "2011.10.25"]
[Round "7"]
[White "Aponte, Oriana"]
[Black "Otazo, Annyd"]
[Result "1-0"]
[WhiteElo "1885"]
[BlackElo "1953"]
[Annotator "OT y DG"]
[PlyCount "141"]
[EventDate "2011.??.??"]

1. e4 d5 2. exd5 Nf6 3. d4 Bg4 4. Nf3 Qxd5 5. Be2 Nc6 6. Nc3 Qh5 7. O-O O-O-O
8. h3 Nxd4 9. Nxd4 Bxe2 10. Qxe2 Rxd4 11. Qxh5 Nxh5 12. Nb5 Ra4 13. b3 Ra6 14.
Be3 c6 15. Nxa7+ Kc7 16. g4 Nf6 17. c4 e6 18. Rfc1 Kb8 19. Nb5 cxb5 20. cxb5
Rd6 21. Bf4 Nd5 22. Bxd6+ Bxd6 23. Rc4 Nf4 24. h4 Rc8 25. Rd1 Rxc4 26. bxc4 Kc7
27. Kf1 Ng6 28. h5 Ne5 29. Rd4 b6 30. Re4 Nd7 31. Re3 Bc5 32. Rf3 Ne5 33. Rf4
h6 34. Kg2 f6 35. Re4 Nd3 36. f4 e5 37. fxe5 Nxe5 38. Kg3 Bd6 39. Kf2 Kd7 40.
Ke3 Bc5+ 41. Kd2 Ke6 42. Rf4 g5 43. hxg6 Nxg6 44. Re4+ Ne5 45. Rf4 Bf8 46. Kc3
Bb4+ 47. Kc2 Bd6 48. Rd4 Bc5 49. Rf4 Be3 50. Re4 Bg5 51. c5 bxc5 52. b6 Kd6 53.
a4 Kc6 54. a5 c4 55. Kc3 Kb7 56. Re2 Ka6 57. Re4 Nc6 58. Kxc4 Nxa5+ 59. Kc5 Bc1
60. Re6 Ba3+ 61. Kd5 Bb2 62. Kc5 Nb3+ 63. Kd5 Kb7 64. Kc4 Nc1 65. Kb5 Be5 66.
Re7+ Kc8 67. b7+ Kb8 68. Ka6 Nd3 69. Re8+ Kc7 70. b8=Q+ Kc6 71. Qb5+ 1-0

[Event "Nacional de Máxima"]
[Site "?"]
[Date "2011.10.25"]
[Round "7"]
[White "Sequeda, Nancy"]
[Black "Rovira, Tairú"]
[Result "1-0"]
[WhiteElo "2067"]
[BlackElo "1972"]
[Annotator "OT y DG"]
[PlyCount "45"]
[EventDate "2011.??.??"]

1. e4 e5 2. Nf3 Nc6 3. d4 exd4 4. Nxd4 Nf6 5. Nxc6 bxc6 6. e5 Qe7 7. Qe2 Nd5 8.
c4 Nb6 9. b3 Bb7 10. Bb2 O-O-O 11. Nd2 Qe6 12. O-O-O g6 13. Ne4 Qf5 14. g3 h5
15. Bg2 Bg7 16. f4 Rhe8 17. Ng5 Qg4 18. Qxg4 hxg4 19. Nxf7 Re6 20. Nxd8 Kxd8
21. h3 gxh3 22. Rxh3 d5 23. Rh7 1-0

[Event "Nacional de Máxima"]
[Site "?"]
[Date "2011.10.25"]
[Round "7"]
[White "Castro, José"]
[Black "Brizuela, Reivis"]
[Result "1-0"]
[WhiteElo "2129"]
[BlackElo "2125"]
[Annotator "OT y DG"]
[PlyCount "105"]
[EventDate "2011.??.??"]

1. e4 e6 2. d4 d5 3. Nd2 Nf6 4. e5 Nfd7 5. c3 c5 6. Bd3 Nc6 7. Ne2 cxd4 8. cxd4
f6 9. Nf4 Nxd4 10. Qh5+ Ke7 11. exf6+ Nxf6 12. Ng6+ hxg6 13. Qxh8 Kf7 14. O-O
e5 15. Nb3 Nxb3 16. axb3 Bf5 17. Bxf5 gxf5 18. Bg5 Qb6 19. Qh3 Qe6 20. Bxf6
Kxf6 21. Rfc1 Bd6 22. b4 e4 23. Rd1 Be5 24. Ra5 d4 25. Qh4+ Kg6 26. Kh1 b6 27.
Raa1 Qf6 28. Qh3 Qg5 29. Rac1 d3 30. Rc4 Rd8 31. g4 fxg4 32. Qg2 Qf5 33. Rxe4
d2 34. f3 g3 35. hxg3 Rd3 36. Rxd2 Rxf3 37. Rf4 Qh5+ 38. Rh4 Qf5 39. Rf4 Qh5+
40. Kg1 Bxf4 41. gxf4+ Kf6 42. Rd6+ Ke7 43. Rd4 Qh3 44. Qxg7+ Ke8 45. Re4+ Kd8
46. Qe7+ Kc8 47. Qe8+ Kc7 48. Re7+ Kd6 49. Qd8+ Kc6 50. Rc7+ Kb5 51. Qd5+ Ka4
52. Qa2+ Kb5 53. Qc4+ 1-0